Sociální péče nově

Bibliographic Details
Main Author: Matoušek, Oldřich (Author)
Format: Article
Language:Czech
PhysicalDescription:Obr. 1.
Subjects:

MARC

LEADER 00000nab a2200000 a 4500
001 vtls000395550
003 SK-MaSNL
005 20260304175008.0
008 160201c1990 xo 0 cze
015 |a SNBRB19rr/mm-uuuuu 
035 |a CL0395674 
040 |a SNKBUCL  |b slo  |c SNKBUCL  |e AACR2 
041 0 |a cze 
044 |a xo  |c SK 
080 |a 362  |2 1981 
100 1 |a Matoušek, Oldřich  |4 aut  |9 377804 
245 1 0 |a Sociální péče nově  |c Oldřich Matoušek 
300 |b Obr. 1. 
650 0 7 |a sociálna starostlivosť  |2 snkbucl  |9 3737 
655 7 |a články z novín a časopisov  |2 snkbucl  |9 267496 
773 0 |t Sociálna politika  |g Roč. 16, č. 3 (1990), s. 15-16 
850 |a Slovenská národná knižnica v Martine  |a MTA001 
852 |a SNK  |b KIS3GCP 
958 |a RK 
958 |a CZ 
992 |a RBX 
999 |c 3011472  |d 3013402